| 000 | 00000nas 2200000za 4500 |
| 001 | 9.832748 |
| 003 | CaOODSP |
| 005 | 20240119130552 |
| 007 | cr ||||||||||| |
| 008 | 170221d20142017qucar p o f0 a0eng|d |
| 040 | |aCaOODSP|beng |
| 043 | |an-cn--- |
| 086 | 1 |aEn11-14E-PDF |
| 245 | 00|aStatus report on the performance of metal mines subject to the Metal Mining Effluent Regulations |h[electronic resource]. |
| 260 | |a[Gatineau, QC] : |bEnvironment and Climate Change Canada, |cc2017-2020. |
| 310 | |aAnnual |
| 362 | 1 |aBegan with 2014; ceased with 2017. |
| 500 | |aIssued also in French under title: Rapport de situation sur la performance des mines de métaux assujetties au Règlement sur les effluents des mines de métaux. |
| 692 | 07|2gccst|aPollution control |
| 692 | 07|2gccst|aMining industry |
| 710 | 1 |aCanada. |bEnvironment and Climate Change Canada. |
| 775 | 08|tRapport de situation sur la performance des mines de métaux assujetties au Règlement sur les effluents des mines de métaux |w(CaOODSP)9.832749 |
| 780 | 00|tSummary review of performance of metal mines subject to the Metal Mining Effluent Regulations in ... |w(CaOODSP)9.505057 |
| 785 | 00|tStatus report on the performance of mines subject to the Metal and Diamond Mining Effluent Regulations in ...|w(CaOODSP)9.904555 |